000 00228nam a2200085 4500
001 1240217
005 20251008140414.0
245 _aKIYAMET GÜNÜNE BEŞ SANİYE KALA VE DİĞER DOSYALAR
_cSIMON CHESHIRE
260 _bALTIN KİTAPLARI
999 _c1240217
_d1240217